00685nam a2200109Ia 4500008004100000100005600041245012700097260002700224650001200251650026000263856005200523171212s9999 xx 000 0 und d aMayer, Lauren A.;Arena, Mark V.;McMahon, Michael E. cMayer, Lauren A.;Arena, Mark V.;McMahon, Michael E.aA Risk Assessment Methodology and Excel Tool for Acquisition Programs bRAND Corporationc2013 aHistory aUnited States -- Armed Forces -- Weapons systems- -- Costs -- Evaluation -- Methodology; United States. Department of Defense -- Procurement -- Costs -- Evaluation -- Methodology; United States. Department of Defense -- Procurement -- Data processing; Wea uhttp://www.jstor.org/stable/10.7249/j.ctt5vjxf4